[Event "Cairo Heliopolis op 2nd"]
[Site "Cairo"]
[Date "2010.05.30"]
[Round "1"]
[White "Ezat, Mohamed Mahmoud"]
[Black "Abdel Rahman, Alla"]
[Result "1/2-1/2"]
[WhiteElo "2446"]
[BlackElo "2156"]
[PlyCount "110"]
[EventDate "2010.05.30"]
[EventType "swiss"]
[EventRounds "9"]
[EventCountry "EGY"]
[SourceTitle "EXT 2011"]
[Source "ChessBase"]
[SourceDate "2010.11.26"]
[SourceVersion "1"]
[SourceVersionDate "2010.11.26"]
[SourceQuality "1"]

1. d4 e6 2. c4 Nf6 3. Nc3 Bb4 4. e3 b6 5. a3 Bxc3+ 6. bxc3 0-0 7. Bd3 Bb7 8. f3 Nh5 9. Ne2 f5 10. 0-0 Qh4 11. Qc2 Nf6 12. g3 Qh5 13. Nf4 Qe8 14. e4 fxe4 15. fxe4 e5 16. Nd5 Bxd5 17. exd5 e4 18. Be2 Qg6 19. a4 d6 20. Qd2 Nbd7 21. Qg5 Qxg5 22. Bxg5 h6 23. Be3 Kh7 24. Rf4 g5 25. Rf5 Kg6 26. Raf1 Ng8 27. Bg4 Ndf6 28. Bh3 Ne7 29. R5f2 Nh7 30. Re1 Nf5 31. Bc1 Rae8 32. Rfe2 Nf6 33. Bg2 Ng7 34. a5 h5 35. axb6 axb6 36. h4 gxh4 37. gxh4 Nf5 38. Bxe4 Nxe4 39. Rxe4 Rxe4 40. Rxe4 Ng3 41. Re6+ Kf5 42. Re3 Rg8 43. Rf3+ Ke4 44. Re3+ Kf5 45. Kf2 Ne4+ 46. Kf1 Rg3 47. Rxg3 Nxg3+ 48. Kg2 Ne4 49. Kf3 Nxc3 50. Bg5 b5 51. Bd2 Nb1 52. Ba5 bxc4 53. Bxc7 Nc3 54. Bxd6 Nxd5 55. Ba3 c3 1/2-1/2

[Event "Egypt op"]
[Site "Egypt"]
[Date "2009.07.25"]
[Round "5"]
[White "Abdel Rahman, Alla"]
[Black "Elswefy, Amro"]
[Result "1-0"]
[WhiteElo "2189"]
[BlackElo "2053"]
[PlyCount "61"]
[EventDate "2009.07.20"]
[EventType "swiss"]
[EventRounds "9"]
[EventCountry "EGY"]
[SourceTitle "EXT 2011"]
[Source "ChessBase"]
[SourceDate "2010.11.26"]
[SourceVersion "1"]
[SourceVersionDate "2010.11.26"]
[SourceQuality "1"]

1. Nf3 Nf6 2. c4 e6 3. g3 b6 4. Bg2 Bb7 5. 0-0 c5 6. Nc3 Be7 7. Re1 0-0 8. e4 d6 9. d4 cxd4 10. Nxd4 Qc8 11. Be3 Rd8 12. Rc1 Na6 13. f3 Rd7 14. Bf2 Qd8 15. f4 Bf8 16. f5 exf5 17. Nxf5 Rc8 18. Bd4 Rxc4 19. Ne3 Rxc3 20. bxc3 Nxe4 21. Nf5 d5 22. Nh6+ Kh8 23. Bxe4 dxe4 24. Nxf7+ Rxf7 25. Bxg7+ Kxg7 26. Qxd8 Bc5+ 27. Kg2 e3+ 28. Kh3 Re7 29. Rf1 Rc7 30. Qf6+ Kg8 31. Rcd1 1-0

[Event "Golden Cleopatra op 6th"]
[Site "Cairo"]
[Date "2002.04.12"]
[Round "6"]
[White "Peng, Zhaoqin"]
[Black "Abdel Rahman, Alla"]
[Result "1-0"]
[WhiteElo "2460"]
[BlackElo "2213"]
[PlyCount "65"]
[EventDate "2002.04.07"]
[EventType "swiss"]
[EventRounds "11"]
[EventCountry "EGY"]
[SourceTitle "CBM 087 Extra"]
[Source "ChessBase"]
[SourceDate "2002.05.03"]
[SourceVersion "2"]
[SourceVersionDate "2002.08.09"]
[SourceQuality "1"]

1. d4 Nf6 2. Nf3 g6 3. c4 Bg7 4. Nc3 d5 5. Bg5 Ne4 6. cxd5 Nxg5 7. Nxg5 e6 8. Qd2 Bh6 9. f4 Bxg5 10. fxg5 exd5 11. g3 c6 12. Bg2 0-0 13. 0-0 Na6 14. e4 Nc7 15. e5 Ne6 16. h4 Ng7 17. Kh2 Bg4 18. Rf6 Qd7 19. Rc1 Be6 20. Ne2 Nh5 21. Rf2 Bg4 22. Nf4 Ng7 23. Nd3 Rad8 24. Rf6 Nh5 25. Rf2 Qc8 26. Nf4 Nxf4 27. Rxf4 Kg7 28. Rxg4 Qxg4 29. Bh3 Qf3 30. Rf1 Qe4 31. Re1 Qf3 32. Re3 Qxe3 33. Qxe3 1-0

[Event "Golden Cleopatra op 6th"]
[Site "Cairo"]
[Date "2002.04.11"]
[Round "5"]
[White "Abdel Rahman, Alla"]
[Black "Farahat, Ali"]
[Result "0-1"]
[WhiteElo "2213"]
[BlackElo "2322"]
[PlyCount "84"]
[EventDate "2002.04.07"]
[EventType "swiss"]
[EventRounds "11"]
[EventCountry "EGY"]
[SourceTitle "CBM 087 Extra"]
[Source "ChessBase"]
[SourceDate "2002.05.03"]
[SourceVersion "2"]
[SourceVersionDate "2002.08.09"]
[SourceQuality "1"]

1. d4 Nf6 2. c4 c5 3. d5 e6 4. Nc3 exd5 5. cxd5 g6 6. e4 d6 7. f4 Bg7 8. Bb5+ Nfd7 9. a4 Qh4+ 10. g3 Qd8 11. Nf3 0-0 12. 0-0 a6 13. Bc4 Nb6 14. Be2 Bh3 15. Rf2 h6 16. Be3 Re8 17. e5 N8d7 18. Qd2 dxe5 19. a5 exf4 20. Bxf4 g5 21. axb6 gxf4 22. Qxf4 Qf6 23. Qxf6 Bxf6 24. Na4 Re4 25. Bf1 Bg4 26. h3 Bf5 27. Bg2 Rae8 28. Kh2 Rb4 29. Ra3 Bg6 30. Nh4 Bd4 31. Rf4 Bc2 32. Nc3 Rxb2 33. d6 Re3 34. Na4 Rxa3 35. Nxb2 Bxb2 36. Bd5 Bf6 37. Bxb7 Be5 38. Rg4+ Kf8 39. Bc6 Nf6 40. Rf4 Bxf4 41. gxf4 Rb3 42. b7 Be4 0-1